| 000 | 00566nam a2200193Ia 4500 | ||
|---|---|---|---|
| 005 | 20250423100913.0 | ||
| 008 | 250422s9999 xx 000 0 und d | ||
| 020 | _a9788174092304 | ||
| 050 | _aTD 741 .G37/ | ||
| 100 | _aGarg, Santosh Kumar | ||
| 245 | 0 | _aSewage disposal and air pollution engineering: environmental engineering (vol.II) | |
| 250 | _a39th ed. | ||
| 260 | _aNew Delhi | ||
| 260 | _bKhanna Pulishers | ||
| 260 | _c2019 | ||
| 300 | _a1128 p | ||
| 650 | _aSewage disposal--Washington (D.C.) Water--Pollution--Washington (D.C.) | ||
| 942 | _cBK | ||
| 999 |
_c34694 _d34694 |
||